000
00334nam a2200157Ia 4500
005
20250603145245.0
008
250603s9999 xx 000 0 und d
050
_a
KP 35 .A41/
245
0
_a
Laws of Anambra state
260
_a
Enugu
260
_b
Sunkraft
260
_c
1991
300
_a
592 p
650
_a
Enugu
942
_c
BK
999
_c
41332
_d
41332